[Event "Wch U20 58th"]
[Site "New Delhi"]
[Date "2019.10.18"]
[Round "5"]
[White "Dahanayake, Isara Banidu"]
[Black "Licheli, Luka"]
[Result "0-1"]
[WhiteElo "1771"]
[BlackElo "2010"]
[PlyCount "50"]
[EventDate "2019.10.15"]
[EventType "swiss"]
[EventRounds "11"]
[EventCountry "IND"]
[SourceTitle "CBM 192 Extra"]
[Source "Chessbase"]
[SourceDate "2019.11.06"]
[SourceVersion "1"]
[SourceVersionDate "2019.11.06"]
[SourceQuality "1"]

1. e4 c6 2. d4 d5 3. e5 Bf5 4. h4 h6 5. g4 Bh7 6. e6 fxe6 7. Bd3 Bxd3 8. Qxd3 Qd6 9. f4 e5 10. fxe5 Qe6 11. Qe2 c5 12. c3 Nc6 13. Be3 h5 14. g5 Qf5 15. Nd2 e6 16. a3 Nge7 17. Rh2 0-0-0 18. Rc1 Kb8 19. Nf1 Qg6 20. Ng3 Nf5 21. Qd3 Nxh4 22. Qxg6 Nxg6 23. Rxh5 Be7 24. Nf3 Rhf8 25. Ne2 Rxf3 0-1

[Event "Poti op 14th"]
[Site "Poti"]
[Date "2019.07.17"]
[Round "6"]
[White "Manukyan, Sevak N"]
[Black "Licheli, Luka"]
[Result "0-1"]
[WhiteElo "1830"]
[BlackElo "2046"]
[PlyCount "44"]
[EventDate "2019.07.13"]
[EventType "swiss"]
[EventRounds "9"]
[EventCountry "GEO"]
[SourceTitle "EXT 2020"]
[Source "ChessBase"]
[SourceDate "2019.10.17"]
[SourceVersion "1"]
[SourceVersionDate "2019.10.17"]
[SourceQuality "1"]

1. d4 Nf6 2. c4 e6 3. Nc3 Bb4 4. e3 c5 5. Nge2 cxd4 6. exd4 d5 7. a3 Be7 8. Nf4 Nc6 9. cxd5 Nxd5 10. Ncxd5 exd5 11. Be3 Bg5 12. Qd2 0-0 13. Be2 Re8 14. 0-0 Bxf4 15. Bxf4 Nxd4 16. Qxd4 Rxe2 17. Rfe1 Rxe1+ 18. Rxe1 Be6 19. Be5 Qf8 20. Re3 Kh8 21. h4 h6 22. h5 b6 0-1

[Event "GEO-chT Club"]
[Site "Lagodekhi"]
[Date "2016.09.27"]
[Round "6.3"]
[White "Khvadagiani, Nika"]
[Black "Licheli, Luka"]
[Result "1-0"]
[WhiteElo "2029"]
[BlackElo "2042"]
[PlyCount "85"]
[EventDate "2016.09.22"]
[EventType "team-tourn"]
[EventRounds "7"]
[EventCountry "GEO"]
[SourceTitle "CBM 174 Extra"]
[Source "ChessBase"]
[SourceDate "2016.10.10"]
[SourceVersion "1"]
[SourceVersionDate "2016.10.10"]
[SourceQuality "1"]
[WhiteTeam "Imereti Kutaisi"]
[BlackTeam "Gori Shida Kartli"]
[WhiteTeamCountry "GEO"]
[BlackTeamCountry "GEO"]

1. e4 c6 2. d4 g6 3. f3 d5 4. Nc3 Bg7 5. Be3 dxe4 6. fxe4 Nf6 7. Be2 0-0 8. Qd2 Qc7 9. e5 Nd5 10. Nxd5 cxd5 11. g4 f6 12. 0-0-0 fxe5 13. dxe5 e6 14. Nf3 Nd7 15. h4 Nxe5 16. Nxe5 Qxe5 17. c3 Bd7 18. h5 Be8 19. Bd3 Rc8 20. Kb1 Rf3 21. Rde1 g5 22. Bc2 Rxe3 23. Rxe3 Qf6 24. Qd3 Qh6 25. Rf1 Rc6 26. Ba4 Rc8 27. Bxe8 Rxe8 28. Qb5 Rb8 29. Qd7 e5 30. Qxd5+ Kh8 31. Rxe5 Qb6 32. Rfe1 Rf8 33. Re8 Qf2 34. Rxf8+ Qxf8 35. Qd7 Qf3 36. Qd8+ Bf8 37. Qxg5 b5 38. Qf5 Qa8 39. Qxb5 a5 40. h6 a4 41. Qe5+ Kg8 42. Qe6+ Kh8 43. Rf1 1-0

[Event "GEO-chT Club"]
[Site "Lagodekhi"]
[Date "2016.09.26"]
[Round "5.4"]
[White "Licheli, Luka"]
[Black "Morchiashvili, Bachana"]
[Result "1/2-1/2"]
[WhiteElo "2042"]
[BlackElo "2371"]
[PlyCount "107"]
[EventDate "2016.09.22"]
[EventType "team-tourn"]
[EventRounds "7"]
[EventCountry "GEO"]
[SourceTitle "CBM 174 Extra"]
[Source "ChessBase"]
[SourceDate "2016.10.10"]
[SourceVersion "1"]
[SourceVersionDate "2016.10.10"]
[SourceQuality "1"]
[WhiteTeam "Gori Shida Kartli"]
[BlackTeam "Samegrelo"]
[WhiteTeamCountry "GEO"]
[BlackTeamCountry "GEO"]

1. e4 c5 2. Nc3 e6 3. g3 Nc6 4. Bg2 Nf6 5. Nge2 Be7 6. 0-0 0-0 7. h3 a6 8. d3 d5 9. exd5 exd5 10. Nf4 d4 11. Ncd5 Nxd5 12. Nxd5 Bd6 13. a3 Be6 14. Qh5 Ne7 15. Nxe7+ Qxe7 16. Bd2 Qd7 17. Rfe1 Rfe8 18. Re2 g6 19. Qh4 Bf5 20. Rae1 Rxe2 21. Rxe2 Bf8 22. g4 Be6 23. Qg3 Rc8 24. Qf3 b5 25. Qb7 c4 26. Bf4 a5 27. Rxe6 Qxe6 28. Bd5 Qe8 29. dxc4 bxc4 30. Bg5 Rc5 31. Bf6 Rb5 32. Bxf7+ Qxf7 33. Qxb5 Qxf6 34. Qxc4+ Kh8 35. Qb5 Qd8 36. Qe5+ Bg7 37. Qb5 h6 38. b4 axb4 39. axb4 Qg5 40. Qc6 h5 41. Qe4 Kh7 42. Qe2 Be5 43. b5 Qf4 44. Kf1 Qh2 45. Qf3 hxg4 46. hxg4 Qf4 47. Qxf4 Bxf4 48. Ke2 Bc7 49. Kd3 Bb6 50. f4 Kg7 51. Ke4 Kf6 52. Kd5 Bc7 53. f5 gxf5 54. gxf5 1/2-1/2

[Event "GEO-chT Club"]
[Site "Lagodekhi"]
[Date "2016.09.22"]
[Round "1.3"]
[White "Kacharava, Nikoloz"]
[Black "Licheli, Luka"]
[Result "1/2-1/2"]
[WhiteElo "2085"]
[BlackElo "2042"]
[PlyCount "129"]
[EventDate "2016.09.22"]
[EventType "team-tourn"]
[EventRounds "7"]
[EventCountry "GEO"]
[SourceTitle "CBM 174 Extra"]
[Source "ChessBase"]
[SourceDate "2016.10.10"]
[SourceVersion "1"]
[SourceVersionDate "2016.10.10"]
[SourceQuality "1"]
[WhiteTeam "Racha Ambrolauri"]
[BlackTeam "Gori Shida Kartli"]
[WhiteTeamCountry "GEO"]
[BlackTeamCountry "GEO"]

1. e4 c6 2. Nc3 d5 3. Nf3 Bg4 4. h3 Bxf3 5. Qxf3 e6 6. Be2 Nf6 7. 0-0 Nbd7 8. d4 Qb6 9. e5 Ng8 10. Qd3 Ne7 11. Na4 Qc7 12. b3 b5 13. Nb2 Nf5 14. Bg4 g6 15. Bxf5 gxf5 16. c4 bxc4 17. bxc4 Bg7 18. Qg3 Rg8 19. cxd5 cxd5 20. Bh6 Nf6 21. Bxg7 Ne4 22. Qb3 Rxg7 23. Rfc1 Qe7 24. Qc2 Rd8 25. Nd3 Qh4 26. Kh2 f4 27. f3 Qg3+ 28. Kh1 Nc3 29. Qd2 Na4 30. Rc2 Nb6 31. Qf2 Qxf2 32. Rxf2 Rc8 33. Nxf4 Ke7 34. Rd2 Rc4 35. Nh5 Rg8 36. Nf6 Rh8 37. Rdd1 h6 38. h4 Rhc8 39. Rd2 Rb4 40. h5 a5 41. Ng4 a4 42. Nxh6 Rh8 43. Ng4 Rxh5+ 44. Kg1 Rh8 45. Rc2 Nc4 46. Kf2 Rhb8 47. Re1 a3 48. Ne3 Rb2 49. Ree2 Rxc2 50. Rxc2 Rb2 51. Re2 Nd2 52. Ke1 Nb3 53. Nd1 Rxe2+ 54. Kxe2 Nxd4+ 55. Kd2 Nc6 56. f4 f6 57. exf6+ Kxf6 58. g4 d4 59. Kd3 Nb4+ 60. Kxd4 Nxa2 61. f5 Nb4 62. Nc3 e5+ 63. Ke4 Nc6 64. Kd5 Nb4+ 65. Ke4 1/2-1/2

[Event "EU-chT U18"]
[Site "Karpacz"]
[Date "2015.07.18"]
[Round "6.15"]
[White "Licheli, Luka"]
[Black "Juhasz, Armin"]
[Result "0-1"]
[WhiteElo "2056"]
[BlackElo "2314"]
[PlyCount "146"]
[EventDate "2015.07.13"]
[EventType "team-swiss"]
[EventRounds "7"]
[EventCountry "POL"]
[SourceTitle "CBM 167 Extra"]
[Source "ChessBase"]
[SourceDate "2015.09.14"]
[SourceVersion "1"]
[SourceVersionDate "2015.09.14"]
[SourceQuality "1"]
[WhiteTeam "Nona (U18)"]
[BlackTeam "Hungary (U18) II"]
[WhiteTeamCountry "GEO"]
[BlackTeamCountry "HUN"]

1. e4 c5 2. b3 g6 3. Bb2 Nf6 4. g3 Bg7 5. Bg2 d6 6. Ne2 Nc6 7. 0-0 0-0 8. c4 e5 9. h3 a6 10. Nbc3 Rb8 11. d3 b5 12. f4 exf4 13. gxf4 Nh5 14. Rb1 Nd4 15. Kh2 Qh4 16. Qe1 Qxe1 17. Rbxe1 Nc2 18. Rb1 Ne3 19. Rf3 Nxg2 20. Kxg2 f5 21. Ng3 fxe4 22. Ncxe4 Nxf4+ 23. Kh2 Bxb2 24. Rxb2 Nxh3 25. Rxf8+ Kxf8 26. Nxd6 Ng5 27. Nge4 Nxe4 28. Nxe4 Bf5 29. Nxc5 a5 30. Re2 Kf7 31. a4 bxa4 32. bxa4 h5 33. Ne4 Bxe4 34. Rxe4 Rb2+ 35. Kg3 Rb3 36. Rd4 Rb4 37. Rf4+ Ke7 38. c5 Rb3 39. Rd4 Rc3 40. Rd5 Ke6 41. Rd6+ Ke5 42. Rxg6 Rxc5 43. Kh4 Kd4 44. Rd6+ Kc3 45. d4 Rf5 46. Rd8 Kb4 47. d5 Kxa4 48. Kg3 Kb5 49. Kh4 Kc5 50. Ra8 Kb6 51. Rb8+ Kc5 52. Ra8 Kb4 53. Rb8+ Kc4 54. d6 Rd5 55. Ra8 Kb5 56. d7 Rxd7 57. Kxh5 Rg7 58. Rb8+ Kc4 59. Rf8 a4 60. Rf4+ Kb3 61. Rf3+ Kc2 62. Rf2+ Kd3 63. Rf3+ Ke4 64. Ra3 Ra7 65. Kg4 Kd4 66. Kf3 Kc4 67. Ke2 Kb4 68. Ra1 Kc3 69. Rc1+ Kb2 70. Rc8 a3 71. Rb8+ Kc2 72. Rc8+ Kb3 73. Rb8+ Ka4 0-1

[Event "EU-chT U18"]
[Site "Karpacz"]
[Date "2015.07.15"]
[Round "3.7"]
[White "Kobo, Ori"]
[Black "Licheli, Luka"]
[Result "1/2-1/2"]
[WhiteElo "2422"]
[BlackElo "2056"]
[PlyCount "109"]
[EventDate "2015.07.13"]
[EventType "team-swiss"]
[EventRounds "7"]
[EventCountry "POL"]
[SourceTitle "CBM 167 Extra"]
[Source "ChessBase"]
[SourceDate "2015.09.14"]
[SourceVersion "1"]
[SourceVersionDate "2015.09.14"]
[SourceQuality "1"]
[WhiteTeam "Israel (U18)"]
[BlackTeam "Nona (U18)"]
[WhiteTeamCountry "ISR"]
[BlackTeamCountry "GEO"]

1. e4 c6 2. d4 d5 3. Nd2 dxe4 4. Nxe4 Nf6 5. Nxf6+ exf6 6. c3 Bd6 7. Bd3 0-0 8. Ne2 Qc7 9. Qc2 h6 10. Be3 Be6 11. Qd2 Re8 12. Ng3 Nd7 13. 0-0 c5 14. Bxh6 cxd4 15. cxd4 Bxg3 16. fxg3 Nb6 17. Rf4 gxh6 18. Rh4 Kf8 19. Be4 Qd6 20. Bxb7 Rab8 21. Bf3 Nd5 22. Rxh6 Qb4 23. Qxb4+ Nxb4 24. b3 f5 25. Rf1 Kg7 26. Rh4 Nxa2 27. d5 Bc8 28. Ra4 Nc3 29. Rxa7 Rxb3 30. Bh5 Rb7 31. Rxb7 Bxb7 32. Rxf5 Bxd5 33. Bf3 Bxf3 34. Rxf3 Re1+ 35. Kf2 Re2+ 36. Kf1 Rc2 37. Rd3 Kg6 38. h3 f6 39. Kg1 Ne4 40. Re3 Kf5 41. g4+ Ke5 42. Kh2 Rc3 43. Rxc3 Nxc3 44. Kg3 Ne4+ 45. Kh4 Ng5 46. Kh5 Ne6 47. g3 Ng5 48. h4 Ne4 49. Kg6 Nxg3 50. h5 Ne4 51. h6 Ng5 52. h7 Nxh7 53. Kxh7 Kf4 54. Kg6 Kxg4 55. Kxf6 1/2-1/2

[Event "EU-ch U16 24th"]
[Site "Batumi"]
[Date "2014.10.22"]
[Round "4"]
[White "Thybo, Jesper Sondergaard"]
[Black "Licheli, Luka"]
[Result "1/2-1/2"]
[WhiteElo "2334"]
[BlackElo "1858"]
[PlyCount "89"]
[EventDate "2014.10.19"]
[EventType "swiss"]
[EventRounds "9"]
[EventCountry "GEO"]
[SourceTitle "EXT 2015"]
[Source "ChessBase"]
[SourceDate "2014.11.20"]
[SourceVersion "1"]
[SourceVersionDate "2014.11.20"]
[SourceQuality "1"]

1. e4 c6 2. d4 d5 3. Nd2 g6 4. Ngf3 Bg4 5. c3 Bxf3 6. Qxf3 Bg7 7. Bd3 e6 8. 0-0 Ne7 9. Re1 Nd7 10. Qh3 0-0 11. Nf3 dxe4 12. Bxe4 Re8 13. Bc2 Nf5 14. Ng5 Nf6 15. Bf4 Rc8 16. Rad1 Qa5 17. Be5 h5 18. Bb3 Ng4 19. Bxg7 Kxg7 20. Ne4 Rc7 21. Qf3 Nf6 22. Nxf6 Kxf6 23. Re5 Qb6 24. h3 Kg7 25. Rde1 Rce7 26. Qf4 Rh8 27. g3 Qc7 28. Bc2 Nd6 29. Bd3 Ne8 30. R5e3 b6 31. Rf3 Qd6 32. Bc2 Rc7 33. Rd1 Qd5 34. Qe5+ f6 35. Qe2 Re7 36. Bb3 Qd6 37. Re3 Nc7 38. Re1 Rf8 39. Re4 Rh8 40. f4 Nd5 41. Qf2 b5 42. Bc2 Nb6 43. Qe2 Nd5 44. Qd3 f5 45. Re5 1/2-1/2

[Event "GEO-chT Club"]
[Site "Ureki"]
[Date "2014.09.29"]
[Round "3.2"]
[White "Khomeriki, Nino"]
[Black "Licheli, Luka"]
[Result "1-0"]
[WhiteElo "2158"]
[BlackElo "1925"]
[PlyCount "99"]
[EventDate "2014.09.27"]
[EventType "team-tourn"]
[EventRounds "7"]
[EventCountry "GEO"]
[SourceTitle "CBM 162 Extra"]
[Source "ChessBase"]
[SourceDate "2014.10.17"]
[SourceVersion "1"]
[SourceVersionDate "2014.10.17"]
[SourceQuality "1"]
[WhiteTeam "Tbilisi"]
[BlackTeam "Gori"]
[WhiteTeamCountry "GEO"]
[BlackTeamCountry "GEO"]

1. Nf3 Nf6 2. g3 b6 3. Bg2 Bb7 4. d3 c5 5. 0-0 g6 6. e4 d6 7. Nbd2 e5 8. Nh4 Nfd7 9. Nc4 b5 10. Ne3 Bg7 11. c3 Bf6 12. Nf3 0-0 13. Ng4 Bg7 14. h4 Nf6 15. Bg5 Bc8 16. Nfh2 h5 17. Ne3 Qb6 18. g4 hxg4 19. Nhxg4 Nxg4 20. Nxg4 f6 21. Be3 Be6 22. Qf3 Nd7 23. Qg3 Kh7 24. f4 exf4 25. Bxf4 Ne5 26. Nf2 Rad8 27. Rad1 Bxa2 28. d4 Nf7 29. Bh3 Bc4 30. Rfe1 cxd4 31. cxd4 Nh6 32. d5 b4 33. Kh1 Bb5 34. Rg1 Be8 35. Be6 f5 36. h5 Rf6 37. exf5 Rxe6 38. fxe6 Nf5 39. hxg6+ Kg8 40. Qh2 Rc8 41. Ne4 Rc4 42. Bxd6 Bxg6 43. Nf6+ Bxf6 44. Rxg6+ Bg7 45. Rdg1 Qe3 46. Qg2 Rh4+ 47. Bh2 Qe5 48. d6 Kh7 49. Rxg7+ Nxg7 50. Qxg7+ 1-0

[Event "Wch U14"]
[Site "Al Ain"]
[Date "2013.12.24"]
[Round "8"]
[White "Fernandez, Mirna Graciela"]
[Black "Licheli, Luka"]
[Result "0-1"]
[WhiteElo "1975"]
[BlackElo "1759"]
[PlyCount "142"]
[EventDate "2013.12.18"]
[EventType "swiss"]
[EventRounds "11"]
[EventCountry "UAE"]
[SourceTitle "CBM 158 Extra"]
[Source "ChessBase"]
[SourceDate "2014.02.28"]
[SourceVersion "1"]
[SourceVersionDate "2014.02.28"]
[SourceQuality "1"]

1. e4 c6 2. Nf3 d5 3. Nc3 Bg4 4. h3 Bh5 5. exd5 cxd5 6. g4 Bg6 7. Bb5+ Nc6 8. Ne5 Rc8 9. h4 f6 10. Nxg6 hxg6 11. d4 e6 12. Qd3 Kf7 13. a3 Bd6 14. Be3 Nge7 15. Ba4 Na5 16. Bb3 Qb6 17. Nd1 Qc6 18. Rc1 Nc4 19. Ke2 b5 20. f3 Bg3 21. h5 gxh5 22. gxh5 Nf5 23. Bxc4 bxc4 24. Qd2 Rce8 25. f4 Qd6 26. Qb4 Bxf4 27. Qxd6 Bxd6 28. Bf2 e5 29. dxe5 Rxe5+ 30. Kf3 d4 31. c3 d3 32. Bxa7 Ra8 33. Be3 Rae8 34. Bf2 Re2 35. Rb1 Rb8 36. Re1 Rxe1 37. Bxe1 Bxa3 38. Ra1 Be7 39. Ra4 Rc8 40. Ra5 Rc5 41. Rxc5 Bxc5 42. Ke4 Ke6 43. b4 Bg1 44. Bf2 Bh2 45. Bc5 Be5 46. Bf8 Ng3+ 47. Kf3 Nxh5 48. Ne3 d2 49. Ke2 Kf7 50. Bc5 Bxc3 51. Nxc4 Ng3+ 52. Kd1 Ne4 53. Ne3 Nxc5 54. bxc5 Ke8 55. c6 Kd8 56. c7+ Kc8 57. Nf5 Kxc7 58. Nxg7 Kd6 59. Nf5+ Ke5 60. Nh4 Kf4 61. Ke2 Kg4 62. Ng2 f5 63. Ne3+ Kg5 64. Kf3 f4 65. Nd1 Bd4 66. Ke2 Be3 67. Kf3 Kf5 68. Nc3 Ke5 69. Nd1 Kd4 70. Ke2 Kc4 71. Kf3 Kd3 0-1

[Event "Wch U14"]
[Site "Al Ain"]
[Date "2013.12.21"]
[Round "4"]
[White "Kololli, Martin"]
[Black "Licheli, Luka"]
[Result "1/2-1/2"]
[WhiteElo "2045"]
[BlackElo "1759"]
[PlyCount "105"]
[EventDate "2013.12.18"]
[EventType "swiss"]
[EventRounds "11"]
[EventCountry "UAE"]
[SourceTitle "CBM 158 Extra"]
[Source "ChessBase"]
[SourceDate "2014.02.28"]
[SourceVersion "1"]
[SourceVersionDate "2014.02.28"]
[SourceQuality "1"]

1. e4 c6 2. c4 d5 3. exd5 cxd5 4. cxd5 Nf6 5. Nc3 Nxd5 6. Bc4 Nb6 7. Bb3 Nc6 8. Nf3 Bf5 9. d4 e6 10. 0-0 Be7 11. Bf4 Nb4 12. a3 N4d5 13. Nxd5 Nxd5 14. Ba4+ Kf8 15. Bg3 h5 16. h3 h4 17. Bh2 f6 18. Bb3 Kf7 19. Nd2 Bd6 20. Bxd6 Qxd6 21. Qf3 Rad8 22. Rfe1 Rh6 23. Nf1 g6 24. Ne3 Nxe3 25. fxe3 Qg3 26. Qxg3 hxg3 27. e4 Bxh3 28. gxh3 Rxh3 29. d5 exd5 30. Bxd5+ Ke7 31. Kg2 Rdh8 32. Rh1 Rh2+ 33. Rxh2 Rxh2+ 34. Kxg3 Rxb2 35. Rd1 b5 36. Rd3 b4 37. axb4 Rxb4 38. Ra3 f5 39. e5 Rb5 40. Rd3 g5 41. Kf3 a5 42. Ke3 Rb4 43. Rb3 Rxb3+ 44. Bxb3 Kd7 45. e6+ Ke7 46. Ba2 a4 47. Bc4 a3 48. Ba2 g4 49. Kf4 Kf6 50. Bb3 Ke7 51. Kg3 Kf6 52. Kh4 Ke7 53. Kg3 1/2-1/2

[Event "Poti Aleksandria Cup U12"]
[Site "Poti"]
[Date "2011.07.15"]
[Round "5"]
[White "Akhvlediani, Irakli"]
[Black "Licheli, Luka"]
[Result "0-1"]
[WhiteElo "1830"]
[BlackElo "1633"]
[PlyCount "82"]
[EventDate "2011.07.11"]
[EventType "swiss"]
[EventRounds "9"]
[EventCountry "GEO"]
[SourceTitle "CBM 143 Extra"]
[Source "ChessBase"]
[SourceDate "2011.08.29"]
[SourceVersion "1"]
[SourceVersionDate "2011.08.29"]
[SourceQuality "1"]

1. d4 d5 2. Nc3 Nf6 3. Bg5 Nbd7 4. Nf3 g6 5. e3 Bg7 6. Bd3 0-0 7. 0-0 c5 8. Re1 h6 9. Bh4 cxd4 10. exd4 Re8 11. Ne5 e6 12. Qf3 Rf8 13. Nb5 Qb6 14. Nxd7 Bxd7 15. a4 Bxb5 16. axb5 Qxd4 17. Bg3 Nd7 18. Bd6 Rfe8 19. c3 Qb6 20. Bf4 a6 21. Be3 Qd6 22. bxa6 bxa6 23. Qe2 Nb8 24. Ra4 e5 25. Rea1 d4 26. Bxd4 Rd8 27. Be4 Nc6 28. Rxa6 Rxa6 29. Rxa6 exd4 30. Rxc6 d3 31. Qd1 Qe5 32. f3 f5 33. Bxd3 Qe3+ 34. Kh1 Rxd3 35. Qf1 Rd2 36. Rc8+ Kh7 37. h3 Re2 38. Kh2 Be5+ 39. f4 Bxf4+ 40. Kh1 Re1 41. Rc7+ Bxc7 0-1

[Event "Poti Aleksandria Cup U12"]
[Site "Poti"]
[Date "2011.07.13"]
[Round "3"]
[White "Licheli, Luka"]
[Black "Gulua, Luka"]
[Result "1-0"]
[WhiteElo "1633"]
[BlackElo "1476"]
[PlyCount "93"]
[EventDate "2011.07.11"]
[EventType "swiss"]
[EventRounds "9"]
[EventCountry "GEO"]
[SourceTitle "CBM 143 Extra"]
[Source "ChessBase"]
[SourceDate "2011.08.29"]
[SourceVersion "1"]
[SourceVersionDate "2011.08.29"]
[SourceQuality "1"]

1. e4 c5 2. b3 Nc6 3. Bb2 e5 4. Nc3 g6 5. Bc4 d6 6. Nge2 Nge7 7. 0-0 Bg7 8. Nd5 0-0 9. f4 Nxd5 10. Bxd5 Ne7 11. fxe5 Nxd5 12. exd5 dxe5 13. c4 Bd7 14. d3 Qc7 15. Qd2 f5 16. Kh1 Rae8 17. b4 b6 18. bxc5 bxc5 19. Rae1 Rf7 20. Ba3 e4 21. Nc1 Ree7 22. Nb3 exd3 23. Rxe7 Rxe7 24. d6 Qxd6 25. Bxc5 Qe6 26. Bxe7 Qxe7 27. Qxd3 Bc6 28. Rd1 Qb7 29. Qe2 Qc7 30. Qe6+ Kf8 31. Qd6+ Qxd6 32. Rxd6 Be4 33. c5 Be5 34. Rd7 h5 35. Nd2 Bc6 36. Rxa7 Ke8 37. Nf3 Bc3 38. Rc7 Bd5 39. a4 Kd8 40. Ra7 Bb4 41. Rg7 Bxc5 42. Rxg6 Ke7 43. Rg5 Be4 44. Rxh5 Kf6 45. Rh6+ Kg7 46. Ra6 Kf7 47. Ng5+ 1-0